ឥទ្ធីពលនៃកាលបរិច្ចេទដាំដុះលើពេលវេលាចេញផ្ការបស់ពួូលស្រូវធ្ងន់មួយចំនួន (effect of seeding date on heading time in some late duration rice varieties) (Record no. 408)

000 -LEADER
fixed length control field 00638nam a22001577a 4500
003 - CONTROL NUMBER IDENTIFIER
control field OSt
005 - DATE AND TIME OF LATEST TRANSACTION
control field 20150914094229.0
008 - FIXED-LENGTH DATA ELEMENTS--GENERAL INFORMATION
fixed length control field 150914b xxu||||| |||| 00| 0 eng d
040 ## - CATALOGING SOURCE
Transcribing agency RUA
082 ## - DEWEY DECIMAL CLASSIFICATION NUMBER
Classification number AGR HEA 2000 B022 Or.1
100 ## - MAIN ENTRY--PERSONAL NAME
9 (RLIN) 430
Personal name HEANG, DANY.
245 ## - TITLE STATEMENT
Title ឥទ្ធីពលនៃកាលបរិច្ចេទដាំដុះលើពេលវេលាចេញផ្ការបស់ពួូលស្រូវធ្ងន់មួយចំនួន (effect of seeding date on heading time in some late duration rice varieties)
260 ## - PUBLICATION, DISTRIBUTION, ETC. (IMPRINT)
Place of publication, distribution, etc. Phnom Penh
Name of publisher, distributor, etc. RUA
Date of publication, distribution, etc. 2000
300 ## - PHYSICAL DESCRIPTION
Extent 65p.
Other physical details ill.
Dimensions 29cm.
942 ## - ADDED ENTRY ELEMENTS (KOHA)
Source of classification or shelving scheme
Koha item type AGR
Holdings
Price effective from Date last seen Permanent Location Not for loan Date acquired Source of classification or shelving scheme Koha item type Lost status Withdrawn status Date last checked out Total Checkouts Shelving location Damaged status Barcode Current Location Full call number
2015-09-142026-03-02Library Block B 2015-09-14 AGR  2025-12-251B022 RUA001654Library Block BAGR HEA 2000 B022 Or.1
2015-09-142015-09-14Library Block B 2015-09-14 AGR    B022 RUA001726Library Block BAGR HEA 2000 B022 Or.2
2015-09-142015-09-14Library Block B 2015-09-14 AGR    B022 RUA001875Library Block BAGR HEA 2000 B022 Or.3
2015-09-142015-09-14Library Block B 2015-09-14 AGR    B022 RUA001803Library Block BAGR HEA 2000 B022 Or.4
2015-09-142015-09-14Library Block B 2015-09-14 AGR    B022 RUA001798Library Block BAGR HEA 2000 B022 Or.5
មជ្ឈមណ្ឌលឯការនៃសាកលវិទ្យាល័យភូមិន្ទកសិកម្មចំការដូង

Powered by Koha